000 00694cab a2200205 4500
001 X2839
008 090401t1995 xxu||||| |||| 00| 0 eng d
035 _a(Sirsi) u26745
041 _aeng
245 4 _aThe future of professional associations
260 _c1995
350 _a0
490 _aCSM (Chartered Surveyor Monthly)
_v5(1) September 1995, 29(1)
520 _aConsiders the role of professional associations, their growth into new `professions` and trades and the position of CPD.
650 _aCONTINUING PROFESSIONAL DEVELOPMENT
650 _aPROFESSIONAL ASSOCIATIONS
690 _aMANAGEMENT-BUSINESS MANAGEMENT-PROFESSIONAL PRACTICE
942 _n0
948 _c04/03/1997
999 _c18002
_d18002